Main currents in sociological thought. (Record no. 1760)
| 000 -LEADER | |
|---|---|
| fixed length control field | 00554nam a22001817a 4500 |
| 003 - CONTROL NUMBER IDENTIFIER | |
| control field | OSt |
| 005 - DATE AND TIME OF LATEST TRANSACTION | |
| control field | 20150505164810.0 |
| 008 - FIXED-LENGTH DATA ELEMENTS--GENERAL INFORMATION | |
| fixed length control field | 150505b xxu||||| |||| 00| 0 eng d |
| 050 ## - LIBRARY OF CONGRESS CALL NUMBER | |
| Classification number | HM19 .A73 1967 |
| 100 ## - MAIN ENTRY--PERSONAL NAME | |
| Personal name | Aron, Raymond, 1905-1983 |
| 245 ## - TITLE STATEMENT | |
| Title | Main currents in sociological thought. |
| Statement of responsibility, etc | Translated by Richard Howard & Helen Weaver |
| 250 ## - EDITION STATEMENT | |
| Edition statement | Vol.2 |
| 260 ## - PUBLICATION, DISTRIBUTION, ETC. (IMPRINT) | |
| Place of publication, distribution, etc | New York, |
| Name of publisher, distributor, etc | Basic Books |
| Date of publication, distribution, etc | [1967 |
| 300 ## - PHYSICAL DESCRIPTION | |
| Extent | 283p |
| 501 ## - WITH NOTE | |
| With note | Translation of Les grandes doctrines de sociologie historique |
| 650 ## - SUBJECT ADDED ENTRY--TOPICAL TERM | |
| Source of heading or term | Sociology -- History |
| 942 ## - ADDED ENTRY ELEMENTS (KOHA) | |
| Source of classification or shelving scheme | |
| Koha item type | Book |
| Withdrawn status | Lost status | Source of classification or shelving scheme | Damaged status | Not for loan | Home library | Current library | Shelving location | Date acquired | Total Checkouts | Full call number | Barcode | Date last seen | Copy number | Price effective from | Koha item type |
|---|---|---|---|---|---|---|---|---|---|---|---|---|---|---|---|
| Riara University Library | Riara University Library | General stack | 05/05/2015 | HM19 .A73 1967 | 5725/15 | 05/05/2015 | C.1 | 05/05/2015 | Book |
